[Event "Nicolo La Rosa op 15th"]
[Site "Mazara del Vallo"]
[Date "2007.08.11"]
[Round "3"]
[White "La Bella, Massimiliano"]
[Black "Bonanno, Giuseppe"]
[Result "1-0"]
[WhiteElo "1826"]
[BlackElo "1569"]
[PlyCount "23"]
[EventDate "2007.08.10"]
[EventType "swiss"]
[EventRounds "6"]
[EventCountry "ITA"]
[SourceTitle "EXT 2011"]
[Source "ChessBase"]
[SourceDate "2010.11.26"]
[SourceVersion "1"]
[SourceVersionDate "2010.11.26"]
[SourceQuality "1"]

1. Nf3 c6 2. e4 d5 3. exd5 cxd5 4. d4 Nf6 5. Nc3 e6 6. Bd3 Bd6 7. 0-0 0-0 8. Bg5 Nc6 9. Re1 Bd7 10. Ne5 Be7 11. Re3 Ne8 12. Bxh7+ 1-0

[Event "Nicolo La Rosa op 15th"]
[Site "Mazara del Vallo"]
[Date "2007.08.10"]
[Round "1"]
[White "Pipitone, Andrea"]
[Black "Bonanno, Giuseppe"]
[Result "0-1"]
[WhiteElo "1254"]
[BlackElo "1569"]
[PlyCount "74"]
[EventDate "2007.08.10"]
[EventType "swiss"]
[EventRounds "6"]
[EventCountry "ITA"]
[SourceTitle "EXT 2011"]
[Source "ChessBase"]
[SourceDate "2010.11.26"]
[SourceVersion "1"]
[SourceVersionDate "2010.11.26"]
[SourceQuality "1"]

1. e4 c6 2. b4 d5 3. e5 e6 4. Ba3 Nd7 5. Nf3 Nh6 6. Bd3 g6 7. b5 Bxa3 8. Nxa3 Qe7 9. Qc1 0-0 10. 0-0 Qc5 11. c3 Re8 12. Bc2 Ng4 13. d4 Qf8 14. Qg5 f5 15. Qh4 Qxa3 16. Ng5 Nf8 17. f3 Ne3 18. Rfc1 Nxc2 19. Rxc2 Qa4 20. Rcc1 cxb5 21. g4 Bd7 22. gxf5 exf5 23. Qh6 Rac8 24. h4 Rxc3 25. h5 Rxc1+ 26. Rxc1 Qxd4+ 27. Kf1 gxh5 28. Qf6 Qxe5 29. Qf7+ Kh8 30. Kf2 Qe3+ 31. Kg2 Qxg5+ 32. Kf2 Qxc1 33. Qxd7 Nxd7 34. Kg3 Qg5+ 35. Kf2 Qh4+ 36. Kg2 Re2+ 37. Kf1 Qf2# 0-1